Indie Games by Pictures #3 - Statistics

General Stats
  • This quiz has been taken 352 times
  • The average score is 12 of 20
Answer Stats
Picture Answer % Correct
Cookie Clicker
92%
Stardew Valley
90%
Bendy and The Ink Machine
88%
Hello Neighbor
86%
Friday Night Funkin'
83%
The Henry Stickmin Collection
78%
Celeste
76%
Overcooked
73%
Hades
69%
Ori & The Blind Forest
67%
Jackbox Party Pack
64%
Dead Cells
46%
Hotline Miami
45%
Helltaker
43%
Unpacking
43%
Sally Face
38%
The Witness
35%
Return of the Obra Dinn
32%
Bug Fables
18%
Trollface Quest
14%
No matching quizzes found
Score Distribution
Percent of People with Each Score
Percentile by Number Answered
Your Score History
You have not taken this quiz